|
|
|
|
| LEADER |
00000cam a2200000 7i4500 |
| 001 |
0000001048 |
| 005 |
20160330.0 |
| 008 |
070704 |
| 020 |
|
|
|a 9833248047
|
| 090 |
0 |
0 |
|a WSU
|b MAL
|
| 100 |
0 |
|
|a W.S Uzala
|
| 245 |
1 |
0 |
|a Bilakah akan berakhir
|c W.S Uzala
|
| 260 |
|
|
|a Selangor :
|b Sama Publications & Distributors ,
|c 2005
|
| 440 |
|
|
|a Siri cerita mitos
|
| 500 |
|
|
|a Teenager ages 13-18 years old (blue)
|
| 650 |
|
0 |
|a Malay fiction
|
| 999 |
|
|
|a 0000918336
|b Book
|c Children Collection
|e Cawangan Bukit Gambir
|
| 999 |
|
|
|a 0000918338
|b Book
|c Children Collection
|e Cawangan Bukit Gambir
|
| 999 |
|
|
|a 0000927489
|b Book
|c Teenagers
|e Cawangan Tangkak
|
| 999 |
|
|
|a 0000927490
|b Book
|c Teenagers
|e Cawangan Tangkak
|
| 999 |
|
|
|a 0000927491
|b Book
|c Teenagers
|e Cawangan Tangkak
|
| 999 |
|
|
|a 0000958497
|b Book
|c Teenagers
|e Perbadanan Perpustakaan Awam Johor
|
| 999 |
|
|
|a 0000958498
|b Book
|c Teenagers
|e Perbadanan Perpustakaan Awam Johor
|
| 999 |
|
|
|a 0000958499
|b Book
|c Teenagers
|e Perbadanan Perpustakaan Awam Johor
|
| 999 |
|
|
|a 0000958500
|b Book
|c Teenagers
|e Perbadanan Perpustakaan Awam Johor
|
| 999 |
|
|
|a 0000958501
|b Book
|c Teenagers
|e Perbadanan Perpustakaan Awam Johor
|